00478nam a22001337a 4500003000500000038001000005082001500015100002200030245007700052260003200129300002900161500009800190856005600288NUST aNoman aMSCS-4 HAM aAsma Hamza Bhatti aUnsupervised Video Object Segmentation using Conditional Random Fields / aIslamabadbNUST-SEECSc2016 a43p.b27cm.eCD Includes aSupervisors: Dr. Asad Anwar Butt, Dr. Anis ur Rahman, Dr. Omar Arif, Dr. Muhammad Moazam Fraz uhttp://10.250.8.41:8080/xmlui/handle/123456789/6610